Tots els Municipis de Catalunya que Comencen per "Vilanova" - Statistics

General Stats
  • This quiz has been taken 90 times
  • The average score is 6 of 11
Answer Stats
Comarca Municipi % Correct
Garraf Vilanova i la Geltrú
100%
l'Anoia Vilanova del Camí
75%
Vallès Oriental Vilanova del Vallès
75%
Osona Vilanova de Sau
50%
Segrià Vilanova de Segrià
49%
la Noguera Vilanova de Meià
47%
Conca de Barberà Vilanova de Prades
41%
Segrià Vilanova de la Barca
38%
Pla d'Urgell Vilanova de Bellpuig
37%
Baix Camp Vilanova d'Escornalbou
36%
la Noguera Vilanova de l'Aguda
25%
No matching quizzes found
Score Distribution
Percent of People with Each Score
Percentile by Number Answered
Your Score History
You have not taken this quiz